| 000 | 00765nam a22002297a 4500 | ||
|---|---|---|---|
| 999 |
_c33663 _d33663 |
||
| 001 | 2937 | ||
| 003 | CO-MdFUSB | ||
| 005 | 20180622073126.0 | ||
| 008 | 180417t1980 xxu||||| |||| 00| 0 spa d | ||
| 040 |
_aCO-MdFUSB _bspa _cCO-MdFUSB _dCO-MdFUSBC _erda |
||
| 041 | 0 |
_aspa _heng |
|
| 082 | 0 | 4 | _aG 227.81 H4986t |
| 100 | 1 |
_aHendriksen, Guillermo (William) (1900-) _eautor |
|
| 245 | 1 | 0 |
_aComentario del Nuevo Testamento _b: 1 y 2 Tesalonicenses _c/ Guillermo Hendriksen |
| 264 | 4 |
_aGrand Rapods, Michigan : _b Subcomisión Literatura Cristiana, _c©1980 |
|
| 300 | _a248 Pag. | ||
| 336 |
_2rdacontent _atexto _btxt |
||
| 337 |
_2rdamedia _asin mediación _bn |
||
| 338 |
_2rdacarrier _avolumen _bnc |
||
| 653 | _aBiblia N.T - Tesalonicenses - Comentarios | ||
| 942 | _cBK | ||